[Event "Quebec-ch U18"]
[Site "Montreal"]
[Date "2001.??.??"]
[Round "4"]
[White "Bachand Fleurent, Julien"]
[Black "Tomb, Maroun"]
[Result "1/2-1/2"]
[WhiteElo "2061"]
[BlackElo "2117"]
[PlyCount "148"]
[EventDate "2001.03.08"]
[EventType "tourn"]
[EventRounds "4"]
[EventCountry "CAN"]
[SourceTitle "EXT 2002"]
[Source "ChessBase"]
[SourceDate "2001.11.25"]
[SourceVersion "1"]
[SourceVersionDate "2001.11.25"]
[SourceQuality "1"]

1. e4 c5 2. Nc3 Nc6 3. g3 g6 4. Bg2 Bg7 5. d3 e6 6. Be3 Nd4 7. Qd2 d6 8. Nd1 Ne7 9. c3 Ndc6 10. Bh6 Bxh6 11. Qxh6 Ng8 12. Qe3 Qd7 13. f4 Nge7 14. Nf3 b6 15. Nf2 Bb7 16. Ng4 0-0-0 17. Nf6 Qc7 18. Ng5 Ng8 19. Nxg8 Rdxg8 20. 0-0-0 h6 21. Nf3 Kb8 22. Kb1 f6 23. Rhe1 e5 24. d4 g5 25. fxe5 fxe5 26. d5 Ne7 27. Nxe5 dxe5 28. d6 Qd7 29. dxe7 Qxe7 30. Rd2 Rd8 31. Red1 Kc7 32. Bh3 Rxd2 33. Rxd2 Rd8 34. Bf5 Bc6 35. Kc2 Rb8 36. Qe2 Qf7 37. Qd3 Qe7 38. Qe2 Be8 39. Qa6 Rb7 40. a3 Bc6 41. Qe2 Qf7 42. Qd3 Qf6 43. Bd7 Rb8 44. Bxc6 Qxc6 45. Qd5 Qxd5 46. Rxd5 Rf8 47. Rxe5 Rf2+ 48. Kb3 Rxh2 49. Re7+ Kd6 50. Rxa7 h5 51. Rb7 Kc6 52. Rg7 g4 53. Rg6+ Kc7 54. e5 b5 55. Rh6 Kd7 56. a4 c4+ 57. Ka3 bxa4 58. Kxa4 Ke7 59. Kb4 Kf7 60. e6+ Kg7 61. e7 Kf7 62. Rh7+ Ke8 63. Kxc4 Rxb2 64. Kd5 Rd2+ 65. Ke6 Re2+ 66. Kd6 Rd2+ 67. Ke6 Re2+ 68. Kf6 Rf2+ 69. Kg5 Rf3 70. Kxh5 Rxg3 71. Kg5 Rxc3 72. Kxg4 Re3 73. Kf5 Rxe7 74. Rxe7+ Kxe7 1/2-1/2

[Event "Quebec-ch U18"]
[Site "Montreal"]
[Date "2001.??.??"]
[Round "5"]
[White "Gottlieb, Jonathan"]
[Black "Bachand Fleurent, Julien"]
[Result "1-0"]
[WhiteElo "2168"]
[BlackElo "2061"]
[PlyCount "61"]
[EventDate "2001.03.08"]
[EventType "tourn"]
[EventRounds "4"]
[EventCountry "CAN"]
[SourceTitle "EXT 2002"]
[Source "ChessBase"]
[SourceDate "2001.11.25"]
[SourceVersion "1"]
[SourceVersionDate "2001.11.25"]
[SourceQuality "1"]

1. e4 e6 2. d4 d5 3. e5 c5 4. c3 Nc6 5. Nf3 Bd7 6. a3 f6 7. Bd3 fxe5 8. Nxe5 Nxe5 9. dxe5 g6 10. 0-0 Qc7 11. Qe2 Ne7 12. Bg5 Bg7 13. f4 Nf5 14. g4 Nh6 15. Bxh6 Bxh6 16. c4 Qb6 17. Nc3 0-0-0 18. Rf2 Bc6 19. Rc1 Kb8 20. Qc2 Rhf8 21. Ne2 d4 22. Qd2 Qb3 23. Rcf1 Rd7 24. Nc1 Qb6 25. b4 Ba4 26. Ne2 Rc7 27. Ng3 Rcf7 28. Ne4 cxb4 29. axb4 Bc6 30. Nd6 Rd7 31. b5 1-0